000 00283nam a22001337a 4500
008 170526b xxu||||| |||| 00| 0 eng d
020 _a0852260024
041 _aeng
080 _22ND
_a621
100 _a25
101 _aIM
245 _aTHYRISTORS
_cSUGANDHI,R.K
942 _2udc
_cBK
999 _c14570
_d14570